Library Banner

Moqadass morti = مقدس مورتی / (Record no. 108490)

MARC details
000 -LEADER
fixed length control field 00435nam a22001457a 4500
005 - DATE AND TIME OF LATEST TRANSACTION
control field 20181020123220.0
008 - FIXED-LENGTH DATA ELEMENTS--GENERAL INFORMATION
fixed length control field 181020b ||||| |||| 00| 0 eng d
040 ## - CATALOGING SOURCE
Transcribing agency PK-LaUMT
082 ## - DEWEY DECIMAL CLASSIFICATION NUMBER
Classification number 294.3
Item number QAM-M
100 ## - MAIN ENTRY--PERSONAL NAME
Personal name Qamar Ajnalvi = قمر اجنالوی
245 ## - TITLE STATEMENT
Title Moqadass morti = مقدس مورتی /
Statement of responsibility, etc Qamar Ajnalvi = قمر اجنالوی
260 ## - PUBLICATION, DISTRIBUTION, ETC. (IMPRINT)
Place of publication, distribution, etc Lahore :
Name of publisher, distributor, etc Maktabah al-Quresh,
Date of publication, distribution, etc 2013
300 ## - PHYSICAL DESCRIPTION
Extent 800 p.
942 ## - ADDED ENTRY ELEMENTS (KOHA)
Koha item type Books
Holdings
Withdrawn status Lost status Damaged status Home library Current library Date acquired Full call number Barcode Date last seen Price effective from Koha item type
      UMT Main Campus UMT Main Campus 2018-10-20 294.3 QAM-M 124750 2024-06-14 2018-10-20 Books